02384nlm0 22002531i 450 001001300000010001600013100003900029101000600068102000600074105001600080135001600096200013200112210004100244215000900285230002300294301001600317305005900333330129100392336007501683700005201758856009301810856011701903856011002020HARMA 224900a9782336612751a20260501d2026 u y0frea0103 baafreafrea z 001z adrun nnnauauaaOrganisations déviantes, organisations criminelles ?b[Ressource électronique]fSonny Perseil, Yvon Pesqueux, Khaoula Ben MansouraPariscEditions L'Harmattand2026a234 p.a[Données textuelles]a9782336612744aVersion électronique de l'édition papier : 9782336612744aAu-delà des comportements individuels problématiques (délits, crimes), il est aujourd’hui central d’étudier les structures susceptibles d’encourager — et parfois même d’institutionnaliser — les déviances. Qu’est-ce qu’une organisation déviante, comment le devient-elle et peut-elle évoluer vers des formes criminelles ? Les recherches présentées ici apportent des éléments de réponse, en se positionnant sur des théories et/ou des terrains, en France et à l’international.<br> Ces travaux construits sur des objets sensibles, s’inscrivent délibérément dans l’interdisciplinarité  (sciences de gestion, science politique, sociologie, psychologie et anthropologie sociale). Cependant, en s’intéressant à des sujets à impact — voire brûlants ! — tels que le blanchiment d’argent, la criminalité en col blanc, le trafic de devises, les cyber-délinquants, les lanceurs d’alerte, l’art en prison, ou encore la déviance dans l’enseignement supérieur, les auteurs <em>in fine</em> se reposent sur le socle conceptuel de la criminologie, « carrefour » disciplinaire, qui relie le droit aux autres champs de savoir constitutifs de cet ouvrage.aType de ressource électronique : données textuelles et iconographiquesaSonny Perseil, Yvon Pesqueux, Khaoula Ben Mansour40uhttps://www.editions-harmattan.fr/catalogue/couv/9782336612744r.jpg2Image de couverture40uhttps://www.harmatheque.com/downloadebook/9782336612744zAccès après authentification2Télécharger au format PDF40uhttps://www.harmatheque.com/readebook/9782336612744zAccès après authentification2Lire ce livre en ligne